[Event "45th FIDE Chess Olympiad Open"]
[Site "Budapest, Hungary"]
[Date "2024.09.21"]
[Round "10"]
[White "Bodemar, Jonathan"]
[Black "Kebede , Yoseph Kifle"]
[Result "1-0"]
[Board "207"]
[WhiteFideId "6205488"]
[BlackFideId "15708063"]
[WhiteElo "2195"]
[BlackElo "2037"]
[WhiteTeam "Thailand"]
[BlackTeam "Ethiopia"]
[WhiteClock "0:29:32"]
[BlackClock "0:42:00"]
[Variant "Standard"]

1. e4 {[%clk 1:30:55]}  c6 {[%clk 1:29:40]} 2. d4 {[%clk 1:30:59]}  d5 {[%clk 1:30:03]} 3. exd5 {[%clk 1:31:12]}  cxd5 {[%clk 1:30:23]} 4. Bd3 {[%clk 1:31:37]}  Nf6 {[%clk 1:30:30]} 5. c3 {[%clk 1:31:59]}  Nc6 {[%clk 1:30:23]} 6. Bf4 {[%clk 1:32:17]}  Bg4 {[%clk 1:29:24]} 7. Qb3 {[%clk 1:32:12]}  e5 {[%clk 1:27:15]} 8. dxe5 {[%clk 1:30:05]}  Nh5 {[%clk 1:27:31]} 9. Be3 {[%clk 1:30:30]}  Nxe5 {[%clk 1:22:21]} 10. Bb5+ {[%clk 1:30:32]}  Nc6 {[%clk 1:22:29]} 11. Nd2 {[%clk 1:27:23]}  a6 {[%clk 1:16:48]} 12. Be2 {[%clk 1:24:32]}  Bxe2 {[%clk 1:16:32]} 13. Nxe2 {[%clk 1:24:55]}  Na5 {[%clk 1:12:26]} 14. Qc2 {[%clk 1:22:32]}  Be7 {[%clk 1:12:06]} 15. O-O {[%clk 1:20:12]}  O-O {[%clk 1:11:58]} 16. Rad1 {[%clk 1:20:14]}  Qd7 {[%clk 1:10:04]} 17. Nf3 {[%clk 1:17:21]}  Nc4 {[%clk 1:07:54]} 18. Bc1 {[%clk 1:11:09]}  Rac8 {[%clk 1:06:59]} 19. Ned4 {[%clk 1:09:32]}  g6 {[%clk 1:06:36]} 20. Qd3 {[%clk 1:04:51]}  Rfd8 {[%clk 1:05:34]} 21. Rfe1 {[%clk 0:56:39]}  b5 {[%clk 1:03:23]} 22. b3 {[%clk 0:51:05]}  Nd6 {[%clk 1:03:29]} 23. Ne5 {[%clk 0:51:21]}  Qb7 {[%clk 1:03:22]} 24. Ndc6 {[%clk 0:50:50]}  Ne4 {[%clk 0:58:29]} 25. Nxd8 {[%clk 0:48:01]}  Rxd8 {[%clk 0:58:29]} 26. Bh6 {[%clk 0:45:11]}  Qc7 {[%clk 0:54:31]} 27. Nc6 {[%clk 0:37:49]}  Qxc6 {[%clk 0:51:39]} 28. Rxe4 {[%clk 0:38:12]}  Bf6 {[%clk 0:51:32]} 29. Re3 {[%clk 0:37:24]}  Ng7 {[%clk 0:51:23]} 30. Bxg7 {[%clk 0:33:34]}  Kxg7 {[%clk 0:47:53]} 31. h3 {[%clk 0:31:49]}  d4 {[%clk 0:47:18]} 32. cxd4 {[%clk 0:29:22]}  Bxd4 {[%clk 0:45:45]} 33. Qe2 {[%clk 0:28:57]}  Bxe3 {[%clk 0:42:41]} 34. Rxd8 {[%clk 0:29:19]}  Qc1+ {[%clk 0:42:00]} 35. Rd1 {[%clk 0:29:32]} 1-0

[Event "45th FIDE Chess Olympiad Open"]
[Site "Budapest, Hungary"]
[Date "2024.09.21"]
[Round "10"]
[White "Shiferaw, Yalemzewde Mekonnen"]
[Black "Teerapabpaisit, Wisuwat"]
[Result "0-1"]
[Board "208"]
[WhiteFideId "15700470"]
[BlackFideId "6200176"]
[BlackTitle "FM"]
[WhiteElo "2025"]
[BlackElo "2070"]
[WhiteTeam "Ethiopia"]
[BlackTeam "Thailand"]
[WhiteClock "1:03:25"]
[BlackClock "0:57:42"]
[Variant "Standard"]

1. c4 {[%clk 1:30:45]}  e5 {[%clk 1:30:48]} 2. g3 {[%clk 1:31:00]}  d6 {[%clk 1:31:04]} 3. Bg2 {[%clk 1:31:21]}  f5 {[%clk 1:31:24]} 4. d4 {[%clk 1:30:59]}  Be7 {[%clk 1:30:08]} 5. Nc3 {[%clk 1:27:22]}  Nf6 {[%clk 1:30:32]} 6. Nf3 {[%clk 1:26:16]}  e4 {[%clk 1:30:17]} 7. Ng5 {[%clk 1:25:53]}  c6 {[%clk 1:24:57]} 8. Qb3 {[%clk 1:22:11]}  O-O {[%clk 1:23:02]} 9. Bf4 {[%clk 1:20:23]}  h6 {[%clk 1:21:41]} 10. c5+ {[%clk 1:17:41]}  d5 {[%clk 1:21:03]} 11. Nh3 {[%clk 1:17:57]}  b6 {[%clk 1:19:53]} 12. cxb6 {[%clk 1:17:35]}  Qxb6 {[%clk 1:20:02]} 13. Qxb6 {[%clk 1:16:13]}  axb6 {[%clk 1:20:30]} 14. O-O {[%clk 1:16:12]}  Nbd7 {[%clk 1:19:55]} 15. Rfc1 {[%clk 1:14:54]}  g5 {[%clk 1:18:16]} 16. Bd2 {[%clk 1:14:52]}  Ba6 {[%clk 1:10:40]} 17. e3 {[%clk 1:14:21]}  Kf7 {[%clk 1:07:05]} 18. Bf1 {[%clk 1:12:06]}  f4 {[%clk 1:06:50]} 19. Kh1 {[%clk 1:09:12]}  f3 {[%clk 1:04:32]} 20. a4 {[%clk 1:07:17]}  Bxf1 {[%clk 1:04:30]} 21. Rxf1 {[%clk 1:07:34]}  Bd6 {[%clk 1:03:42]} 22. Rfc1 {[%clk 1:07:24]}  Rfc8 {[%clk 1:03:35]} 23. b3 {[%clk 1:07:31]}  Ke6 {[%clk 1:03:09]} 24. Na2 {[%clk 1:06:28]}  Rc7 {[%clk 1:01:19]} 25. Rc2 {[%clk 1:03:27]}  Ng8 {[%clk 1:00:01]} 26. Rac1 {[%clk 1:03:37]}  Ne7 {[%clk 1:00:22]} 27. Nb4 {[%clk 1:03:28]}  Nb8 {[%clk 0:59:27]} 28. g4 {[%clk 1:02:30]}  Kd7 {[%clk 0:59:22]} 29. Ng1 {[%clk 1:02:40]}  Rc8 {[%clk 0:59:03]} 30. h4 {[%clk 1:02:32]}  Na6 {[%clk 0:57:45]} 31. Nxa6 {[%clk 1:02:18]}  Rxa6 {[%clk 0:58:13]} 32. Nh3 {[%clk 1:02:36]}  Rh8 {[%clk 0:58:01]} 33. Kg1 {[%clk 1:02:21]}  Raa8 {[%clk 0:57:18]} 34. h5 {[%clk 1:02:35]}  Rhc8 {[%clk 0:57:30]} 35. Kh1 {[%clk 1:02:42]}  Ng8 {[%clk 0:57:44]} 36. Rg1 {[%clk 1:03:03]}  Nf6 {[%clk 0:57:52]} 37. Bc1 {[%clk 1:03:25]}  b5 {[%clk 0:57:42]} 0-1

[Event "45th FIDE Chess Olympiad Open"]
[Site "Budapest, Hungary"]
[Date "2024.09.21"]
[Round "10"]
[White "Lam, Daniel King Wai"]
[Black "Sanchez Alvarez, Roberto Carlos"]
[Result "0-1"]
[Board "209"]
[WhiteFideId "6001238"]
[BlackFideId "3508684"]
[WhiteTitle "FM"]
[BlackTitle "IM"]
[WhiteElo "2088"]
[BlackElo "2376"]
[WhiteTeam "Hong Kong, China"]
[BlackTeam "Panama"]
[WhiteClock "0:02:31"]
[BlackClock "0:03:09"]
[Variant "Standard"]

1. e4 {[%clk 1:30:58]}  c5 {[%clk 1:30:50]} 2. Nf3 {[%clk 1:31:27]}  d6 {[%clk 1:31:06]} 3. d4 {[%clk 1:31:55]}  cxd4 {[%clk 1:31:24]} 4. Nxd4 {[%clk 1:32:23]}  Nf6 {[%clk 1:31:42]} 5. Nc3 {[%clk 1:32:51]}  a6 {[%clk 1:31:55]} 6. Be3 {[%clk 1:33:19]}  e5 {[%clk 1:32:11]} 7. Nb3 {[%clk 1:33:47]}  Be6 {[%clk 1:32:28]} 8. f3 {[%clk 1:33:53]}  h5 {[%clk 1:31:40]} 9. Qd2 {[%clk 1:34:05]}  Nbd7 {[%clk 1:31:49]} 10. Nd5 {[%clk 1:33:35]}  Bxd5 {[%clk 1:26:37]} 11. exd5 {[%clk 1:33:56]}  g6 {[%clk 1:26:57]} 12. Na5 {[%clk 1:30:33]}  Qc7 {[%clk 1:23:36]} 13. c4 {[%clk 1:29:20]}  Bg7 {[%clk 1:23:15]} 14. Be2 {[%clk 1:27:08]}  e4 {[%clk 1:20:06]} 15. O-O {[%clk 1:18:14]}  exf3 {[%clk 1:11:11]} 16. gxf3 {[%clk 1:07:35]}  O-O {[%clk 1:11:12]} 17. Rac1 {[%clk 1:02:08]}  Rfe8 {[%clk 1:11:21]} 18. b4 {[%clk 1:02:26]}  Kh7 {[%clk 0:48:03]} 19. Bf4 {[%clk 0:52:03]}  Qb6+ {[%clk 0:45:59]} 20. Kg2 {[%clk 0:48:14]}  h4 {[%clk 0:29:00]} 21. Rc2 {[%clk 0:33:36]}  Rac8 {[%clk 0:26:01]} 22. Kh1 {[%clk 0:31:15]}  Nh5 {[%clk 0:23:16]} 23. Bg5 {[%clk 0:28:18]}  h3 {[%clk 0:23:44]} 24. f4 {[%clk 0:23:55]}  Nhf6 {[%clk 0:24:01]} 25. Bf3 {[%clk 0:22:24]}  Ne4 {[%clk 0:23:47]} 26. Bxe4 {[%clk 0:18:27]}  Rxe4 {[%clk 0:24:00]} 27. f5 {[%clk 0:18:36]}  Rce8 {[%clk 0:21:53]} 28. Qd3 {[%clk 0:17:54]}  Kg8 {[%clk 0:18:06]} 29. fxg6 {[%clk 0:17:05]}  fxg6 {[%clk 0:18:31]} 30. Qxh3 {[%clk 0:17:07]}  Re1 {[%clk 0:15:58]} 31. Rc1 {[%clk 0:12:55]}  Rxc1 {[%clk 0:13:12]} 32. Bxc1 {[%clk 0:12:56]}  Ne5 {[%clk 0:13:40]} 33. a3 {[%clk 0:12:48]}  Qd4 {[%clk 0:11:23]} 34. Qe3 {[%clk 0:10:06]}  Qh4 {[%clk 0:11:50]} 35. Qf2 {[%clk 0:07:07]}  Qh5 {[%clk 0:04:57]} 36. Qg2 {[%clk 0:04:48]}  Nd3 {[%clk 0:04:22]} 37. Bf4 {[%clk 0:03:21]}  Re2 {[%clk 0:03:23]} 38. Qf3 {[%clk 0:02:46]}  Nxf4 {[%clk 0:03:06]} 39. Qxf4 {[%clk 0:02:56]}  g5 {[%clk 0:03:21]} 40. Qxd6 {[%clk 0:02:31]}  Qh3 {[%clk 0:03:09]} 0-1

[Event "45th FIDE Chess Olympiad Open"]
[Site "Budapest, Hungary"]
[Date "2024.09.21"]
[Round "10"]
[White "Delgado Rosas, Alex Antonio"]
[Black "Chan, Pui Yin Brandon"]
[Result "0-1"]
[Board "210"]
[WhiteFideId "6602150"]
[BlackFideId "6006647"]
[WhiteTitle "CM"]
[WhiteElo "2157"]
[BlackElo "2016"]
[WhiteTeam "Panama"]
[BlackTeam "Hong Kong, China"]
[WhiteClock "0:12:12"]
[BlackClock "0:00:33"]
[Variant "Standard"]

1. d4 {[%clk 1:30:55]}  d5 {[%clk 1:30:55]} 2. Bf4 {[%clk 1:31:21]}  Nf6 {[%clk 1:30:52]} 3. e3 {[%clk 1:31:44]}  c5 {[%clk 1:31:13]} 4. Nf3 {[%clk 1:32:09]}  Nc6 {[%clk 1:31:39]} 5. Nbd2 {[%clk 1:32:34]}  e6 {[%clk 1:32:04]} 6. c3 {[%clk 1:32:42]}  cxd4 {[%clk 1:32:28]} 7. exd4 {[%clk 1:32:51]}  Nh5 {[%clk 1:32:55]} 8. Bg3 {[%clk 1:30:14]}  Nxg3 {[%clk 1:30:26]} 9. hxg3 {[%clk 1:30:37]}  g6 {[%clk 1:24:20]} 10. Bd3 {[%clk 1:30:05]}  Bg7 {[%clk 1:24:01]} 11. g4 {[%clk 1:23:12]}  O-O {[%clk 1:16:48]} 12. g5 {[%clk 1:23:18]}  Re8 {[%clk 1:08:32]} 13. Kf1 {[%clk 1:23:26]}  e5 {[%clk 1:07:25]} 14. dxe5 {[%clk 1:23:29]}  Nxe5 {[%clk 1:07:54]} 15. Nxe5 {[%clk 1:23:30]}  Rxe5 {[%clk 1:03:42]} 16. Qa4 {[%clk 1:17:15]}  d4 {[%clk 0:49:25]} 17. Nf3 {[%clk 1:16:31]}  Ra5 {[%clk 0:45:30]} 18. Qb3 {[%clk 1:16:48]}  Be6 {[%clk 0:42:55]} 19. c4 {[%clk 1:16:36]}  b5 {[%clk 0:41:14]} 20. Re1 {[%clk 1:12:42]}  bxc4 {[%clk 0:37:41]} 21. Bxc4 {[%clk 1:13:06]}  Rb8 {[%clk 0:37:38]} 22. Qd3 {[%clk 1:01:44]}  Bxc4 {[%clk 0:34:31]} 23. Qxc4 {[%clk 1:02:11]}  Rxb2 {[%clk 0:32:29]} 24. Qc6 {[%clk 1:00:50]}  Rb8 {[%clk 0:28:10]} 25. Rh4 {[%clk 0:58:32]}  Qc8 {[%clk 0:22:40]} 26. Qd6 {[%clk 0:58:05]}  Qa6+ {[%clk 0:21:22]} 27. Qxa6 {[%clk 0:57:56]}  Rxa6 {[%clk 0:21:51]} 28. Rhe4 {[%clk 0:56:32]}  f5 {[%clk 0:15:23]} 29. Re7 {[%clk 0:55:19]}  Rxa2 {[%clk 0:15:17]} 30. Rd7 {[%clk 0:54:49]}  Bf8 {[%clk 0:14:39]} 31. Kg1 {[%clk 0:41:09]}  d3 {[%clk 0:05:09]} 32. Rxd3 {[%clk 0:41:28]}  Bc5 {[%clk 0:05:17]} 33. Re5 {[%clk 0:40:38]}  Bxf2+ {[%clk 0:05:10]} 34. Kh2 {[%clk 0:40:58]}  Rab2 {[%clk 0:03:11]} 35. Red5 {[%clk 0:36:32]}  R2b7 {[%clk 0:02:36]} 36. Ne5 {[%clk 0:35:59]}  Rb4 {[%clk 0:02:17]} 37. Rd8+ {[%clk 0:32:18]}  Rxd8 {[%clk 0:02:46]} 38. Rxd8+ {[%clk 0:32:36]}  Kg7 {[%clk 0:03:03]} 39. Rd7+ {[%clk 0:32:57]}  Kf8 {[%clk 0:03:15]} 40. Rxh7 {[%clk 0:31:55]}  Kg8 {[%clk 0:02:52]} 41. Rh3 {[%clk 0:23:39]}  Rh4 {[%clk 0:00:44]} 42. Nxg6 {[%clk 0:17:14]}  Rxh3+ {[%clk 0:01:13]} 43. gxh3 {[%clk 0:17:36]}  a5 {[%clk 0:01:25]} 44. Ne5 {[%clk 0:16:08]}  a4 {[%clk 0:01:22]} 45. Nc4 {[%clk 0:12:12]}  Bh4 {[%clk 0:00:33]} 0-1

[Event "45th FIDE Chess Olympiad Open"]
[Site "Budapest, Hungary"]
[Date "2024.09.21"]
[Round "10"]
[White "Chan, Wang Ip Boris"]
[Black "Baules Rodriguez, Jorge Luis"]
[Result "0-1"]
[Board "211"]
[WhiteFideId "6006027"]
[BlackFideId "6600247"]
[BlackTitle "IM"]
[WhiteElo "2017"]
[BlackElo "2271"]
[WhiteTeam "Hong Kong, China"]
[BlackTeam "Panama"]
[WhiteClock "0:05:30"]
[BlackClock "0:38:05"]
[Variant "Standard"]

1. e4 {[%clk 1:30:48]}  c5 {[%clk 1:30:52]} 2. Nf3 {[%clk 1:31:13]}  Nc6 {[%clk 1:31:16]} 3. d4 {[%clk 1:31:36]}  cxd4 {[%clk 1:31:40]} 4. Nxd4 {[%clk 1:31:59]}  Qb6 {[%clk 1:32:03]} 5. Nb3 {[%clk 1:32:07]}  Nf6 {[%clk 1:32:23]} 6. Nc3 {[%clk 1:28:49]}  e6 {[%clk 1:32:42]} 7. a3 {[%clk 1:27:16]}  Be7 {[%clk 1:32:38]} 8. Be2 {[%clk 1:27:18]}  O-O {[%clk 1:32:13]} 9. Be3 {[%clk 1:26:50]}  Qc7 {[%clk 1:32:35]} 10. f4 {[%clk 1:26:13]}  d5 {[%clk 1:29:50]} 11. e5 {[%clk 1:17:55]}  Ne4 {[%clk 1:30:11]} 12. Nxe4 {[%clk 1:15:52]}  dxe4 {[%clk 1:30:39]} 13. O-O {[%clk 1:14:15]}  Rd8 {[%clk 1:30:55]} 14. Qb1 {[%clk 1:00:35]}  b6 {[%clk 1:28:22]} 15. c3 {[%clk 0:58:08]}  Bb7 {[%clk 1:28:46]} 16. Qc2 {[%clk 0:58:27]}  Bf8 {[%clk 1:28:21]} 17. Nd2 {[%clk 0:52:22]}  Nd4 {[%clk 1:24:30]} 18. Bxd4 {[%clk 0:47:35]}  Rxd4 {[%clk 1:24:57]} 19. Nb3 {[%clk 0:42:52]}  Rdd8 {[%clk 1:19:49]} 20. Rad1 {[%clk 0:41:28]}  Bc5+ {[%clk 1:20:02]} 21. Kh1 {[%clk 0:37:29]}  Be3 {[%clk 1:19:58]} 22. Rxd8+ {[%clk 0:35:45]}  Rxd8 {[%clk 1:20:18]} 23. c4 {[%clk 0:31:55]}  g5 {[%clk 1:07:04]} 24. fxg5 {[%clk 0:26:02]}  Qxe5 {[%clk 1:07:15]} 25. Bh5 {[%clk 0:26:20]}  Rd7 {[%clk 1:07:30]} 26. Qe2 {[%clk 0:24:42]}  Qxg5 {[%clk 1:07:24]} 27. c5 {[%clk 0:24:44]}  Bd5 {[%clk 0:50:54]} 28. Qb5 {[%clk 0:20:52]}  Qxh5 {[%clk 0:50:06]} 29. Qxd7 {[%clk 0:20:05]}  Bf4 {[%clk 0:50:30]} 30. Qd8+ {[%clk 0:19:15]}  Kg7 {[%clk 0:50:57]} 31. h4 {[%clk 0:19:43]}  Qg4 {[%clk 0:47:18]} 32. Nd4 {[%clk 0:15:02]}  e3 {[%clk 0:40:14]} 33. Nxe6+ {[%clk 0:11:01]}  fxe6 {[%clk 0:40:25]} 34. Qe7+ {[%clk 0:08:54]}  Kh6 {[%clk 0:37:21]} 35. Qf6+ {[%clk 0:06:53]}  Kh5 {[%clk 0:37:43]} 36. Qf7+ {[%clk 0:05:30]}  Qg6 {[%clk 0:38:05]} 0-1

[Event "45th FIDE Chess Olympiad Open"]
[Site "Budapest, Hungary"]
[Date "2024.09.21"]
[Round "10"]
[White "Schnell, Sebastian Narayana"]
[Black "Li, Yiheng"]
[Result "1/2-1/2"]
[Board "212"]
[WhiteFideId "6605290"]
[BlackFideId "6006760"]
[WhiteElo "2059"]
[BlackElo "1893"]
[WhiteTeam "Panama"]
[BlackTeam "Hong Kong, China"]
[WhiteClock "0:07:17"]
[BlackClock "0:17:25"]
[Variant "Standard"]

1. d4 {[%clk 1:30:51]}  d5 {[%clk 1:30:56]} 2. c4 {[%clk 1:31:11]}  e6 {[%clk 1:31:23]} 3. Nf3 {[%clk 1:31:20]}  Nf6 {[%clk 1:31:45]} 4. g3 {[%clk 1:31:36]}  dxc4 {[%clk 1:32:08]} 5. Bg2 {[%clk 1:31:55]}  c5 {[%clk 1:32:33]} 6. Qa4+ {[%clk 1:28:53]}  Bd7 {[%clk 1:31:05]} 7. Qxc4 {[%clk 1:29:11]}  b5 {[%clk 1:31:20]} 8. Qd3 {[%clk 1:27:31]}  c4 {[%clk 1:30:58]} 9. Qc2 {[%clk 1:26:11]}  Nc6 {[%clk 1:30:55]} 10. O-O {[%clk 1:25:54]}  Rc8 {[%clk 1:30:58]} 11. e4 {[%clk 1:21:19]}  Be7 {[%clk 1:28:59]} 12. Rd1 {[%clk 1:17:31]}  O-O {[%clk 1:25:53]} 13. h4 {[%clk 1:07:41]}  Nb4 {[%clk 1:22:32]} 14. Qe2 {[%clk 1:07:21]}  Nd3 {[%clk 1:21:04]} 15. Ne5 {[%clk 0:58:51]}  Nxc1 {[%clk 1:19:50]} 16. Rxc1 {[%clk 0:59:15]}  Qb6 {[%clk 1:16:52]} 17. Nxd7 {[%clk 0:56:04]}  Nxd7 {[%clk 1:17:14]} 18. Rd1 {[%clk 0:49:58]}  e5 {[%clk 1:02:34]} 19. Nc3 {[%clk 0:34:50]}  exd4 {[%clk 1:02:12]} 20. Nd5 {[%clk 0:35:11]}  Qd8 {[%clk 1:02:14]} 21. Rxd4 {[%clk 0:33:14]}  Bc5 {[%clk 1:01:02]} 22. Rd2 {[%clk 0:30:43]}  Ne5 {[%clk 0:57:54]} 23. Kh2 {[%clk 0:20:07]}  Nd3 {[%clk 0:53:41]} 24. f4 {[%clk 0:19:29]}  Qa5 {[%clk 0:50:40]} 25. a3 {[%clk 0:18:33]}  b4 {[%clk 0:46:12]} 26. Rc2 {[%clk 0:11:29]}  Qa6 {[%clk 0:41:05]} 27. Qd1 {[%clk 0:10:04]}  b3 {[%clk 0:39:37]} 28. Rd2 {[%clk 0:09:24]}  Rfe8 {[%clk 0:31:52]} 29. e5 {[%clk 0:09:19]}  Red8 {[%clk 0:23:20]} 30. Qh5 {[%clk 0:05:51]}  Qg6 {[%clk 0:19:58]} 31. Qe2 {[%clk 0:04:08]}  Qe6 {[%clk 0:17:58]} 32. Nc3 {[%clk 0:04:03]}  Nf2 {[%clk 0:14:36]} 33. Ne4 {[%clk 0:02:39]}  Nxe4 {[%clk 0:13:52]} 34. Bxe4 {[%clk 0:03:01]}  Bd4 {[%clk 0:08:32]} 35. Rad1 {[%clk 0:02:35]}  Qb6 {[%clk 0:06:47]} 36. Bf5 {[%clk 0:00:38]}  c3 {[%clk 0:02:09]} 37. bxc3 {[%clk 0:00:41]}  Bxc3 {[%clk 0:02:26]} 38. Bxc8 {[%clk 0:00:36]}  Bxd2 {[%clk 0:02:09]} 39. Bf5 {[%clk 0:00:34]}  Bc3 {[%clk 0:00:42]} 40. Rxd8+ {[%clk 0:00:48]}  Qxd8 {[%clk 0:01:08]} 41. e6 {[%clk 0:28:44]}  fxe6 {[%clk 0:26:50]} 42. Qxe6+ {[%clk 0:27:40]}  Kh8 {[%clk 0:27:15]} 43. Qxb3 {[%clk 0:27:26]}  Bf6 {[%clk 0:27:15]} 44. Qf7 {[%clk 0:25:24]}  Qe7 {[%clk 0:26:27]} 45. Qh5 {[%clk 0:24:31]}  h6 {[%clk 0:26:16]} 46. Qf3 {[%clk 0:23:33]}  Kg8 {[%clk 0:23:44]} 47. Qd5+ {[%clk 0:20:08]}  Kf8 {[%clk 0:24:04]} 48. Qd3 {[%clk 0:16:10]}  Qc7 {[%clk 0:23:13]} 49. Bg6 {[%clk 0:14:53]}  Ke7 {[%clk 0:21:59]} 50. Qd5 {[%clk 0:14:29]}  Qb6 {[%clk 0:20:09]} 51. Qe4+ {[%clk 0:10:54]}  Kd6 {[%clk 0:19:55]} 52. Bf7 {[%clk 0:08:33]}  Qb2+ {[%clk 0:18:21]} 53. Kh3 {[%clk 0:08:34]}  Qxa3 {[%clk 0:17:10]} 54. Qe6+ {[%clk 0:06:14]}  Kc7 {[%clk 0:16:34]} 55. Qc4+ {[%clk 0:06:20]}  Kd6 {[%clk 0:16:51]} 56. Qe6+ {[%clk 0:06:35]}  Kc7 {[%clk 0:17:04]} 57. Qc4+ {[%clk 0:06:57]}  Kd6 {[%clk 0:17:25]} 58. Qe6+ {[%clk 0:07:17]} 1/2-1/2

[Event "45th FIDE Chess Olympiad Open"]
[Site "Budapest, Hungary"]
[Date "2024.09.21"]
[Round "10"]
[White "Johnson, Joshua"]
[Black "Asabri, Hussien"]
[Result "0-1"]
[Board "213"]
[WhiteFideId "7700768"]
[BlackFideId "9200177"]
[WhiteTitle "FM"]
[BlackTitle "FM"]
[WhiteElo "2267"]
[BlackElo "2196"]
[WhiteTeam "Trinidad & Tobago"]
[BlackTeam "Libya"]
[WhiteClock "0:13:38"]
[BlackClock "0:31:18"]
[Variant "Standard"]

1. e4 {[%clk 1:30:57]}  Nc6 {[%clk 1:30:50]} 2. Nf3 {[%clk 1:30:39]}  e5 {[%clk 1:31:03]} 3. Bc4 {[%clk 1:31:02]}  Nf6 {[%clk 1:30:38]} 4. d3 {[%clk 1:31:28]}  Bc5 {[%clk 1:30:56]} 5. O-O {[%clk 1:31:50]}  d6 {[%clk 1:31:19]} 6. c3 {[%clk 1:32:15]}  a6 {[%clk 1:31:44]} 7. Re1 {[%clk 1:32:34]}  Ba7 {[%clk 1:32:11]} 8. a4 {[%clk 1:32:57]}  h6 {[%clk 1:32:36]} 9. Nbd2 {[%clk 1:33:08]}  O-O {[%clk 1:32:44]} 10. h3 {[%clk 1:33:35]}  Nh5 {[%clk 1:26:30]} 11. Nf1 {[%clk 1:25:18]}  Qf6 {[%clk 1:24:54]} 12. b4 {[%clk 0:43:17]}  Ne7 {[%clk 1:13:27]} 13. Ra2 {[%clk 0:39:34]}  Ng6 {[%clk 1:01:35]} 14. Kh2 {[%clk 0:37:36]}  Nhf4 {[%clk 1:00:39]} 15. Be3 {[%clk 0:35:57]}  c6 {[%clk 0:53:57]} 16. Bxa7 {[%clk 0:25:00]}  Rxa7 {[%clk 0:54:13]} 17. d4 {[%clk 0:25:16]}  Ra8 {[%clk 0:46:16]} 18. Rd2 {[%clk 0:23:13]}  b5 {[%clk 0:39:06]} 19. Bb3 {[%clk 0:22:57]}  a5 {[%clk 0:29:21]} 20. Re3 {[%clk 0:21:02]}  Be6 {[%clk 0:22:36]} 21. Bxe6 {[%clk 0:19:32]}  Qxe6 {[%clk 0:22:48]} 22. axb5 {[%clk 0:16:48]}  cxb5 {[%clk 0:22:45]} 23. bxa5 {[%clk 0:17:14]}  Rxa5 {[%clk 0:22:08]} 24. dxe5 {[%clk 0:17:15]}  dxe5 {[%clk 0:22:29]} 25. Ng3 {[%clk 0:17:05]}  Rfa8 {[%clk 0:14:18]} 26. Rd8+ {[%clk 0:16:36]}  Kh7 {[%clk 0:14:26]} 27. Rxa8 {[%clk 0:15:49]}  Rxa8 {[%clk 0:14:51]} 28. Nf5 {[%clk 0:14:45]}  Ra2 {[%clk 0:14:21]} 29. Kg1 {[%clk 0:14:03]}  Qa6 {[%clk 0:07:47]} 30. Re1 {[%clk 0:11:18]}  Qa7 {[%clk 0:05:28]} 31. Ne3 {[%clk 0:10:18]}  Ne2+ {[%clk 0:04:17]} 32. Rxe2 {[%clk 0:05:15]}  Ra1 {[%clk 0:04:36]} 33. Re1 {[%clk 0:05:44]}  Rxd1 {[%clk 0:04:58]} 34. Nxd1 {[%clk 0:06:14]}  Qa1 {[%clk 0:03:48]} 35. g3 {[%clk 0:06:08]}  Qc1 {[%clk 0:03:40]} 36. Kf1 {[%clk 0:06:05]}  f6 {[%clk 0:03:51]} 37. Ke2 {[%clk 0:05:08]}  Nf8 {[%clk 0:03:47]} 38. Ne3 {[%clk 0:01:29]}  Qxc3 {[%clk 0:03:46]} 39. Rb1 {[%clk 0:01:58]}  b4 {[%clk 0:03:01]} 40. Nd5 {[%clk 0:02:13]}  Qc4+ {[%clk 0:03:14]} 41. Ke3 {[%clk 0:02:37]}  b3 {[%clk 0:03:29]} 42. Nd2 {[%clk 0:02:48]}  Qd4+ {[%clk 0:02:56]} 43. Ke2 {[%clk 0:30:26]}  b2 {[%clk 0:32:52]} 44. Ne3 {[%clk 0:18:50]}  Ne6 {[%clk 0:32:30]} 45. Nd1 {[%clk 0:19:07]}  Qd7 {[%clk 0:31:14]} 46. Rxb2 {[%clk 0:15:23]}  Nd4+ {[%clk 0:31:27]} 47. Ke3 {[%clk 0:15:38]}  Qa4 {[%clk 0:30:52]} 48. Nc3 {[%clk 0:13:13]}  Qa3 {[%clk 0:30:59]} 49. Nc4 {[%clk 0:13:38]}  Qxc3# {[%clk 0:31:18]} 0-1

[Event "45th FIDE Chess Olympiad Open"]
[Site "Budapest, Hungary"]
[Date "2024.09.21"]
[Round "10"]
[White "Alhassadi, Yousef A."]
[Black "Cabralis, Quinn"]
[Result "1-0"]
[Board "214"]
[WhiteFideId "9204725"]
[BlackFideId "7700440"]
[WhiteTitle "FM"]
[BlackTitle "FM"]
[WhiteElo "2082"]
[BlackElo "2169"]
[WhiteTeam "Libya"]
[BlackTeam "Trinidad & Tobago"]
[WhiteClock "0:05:33"]
[BlackClock "0:09:06"]
[Variant "Standard"]

1. e4 {[%clk 1:30:57]}  c5 {[%clk 1:30:57]} 2. c3 {[%clk 1:31:22]}  d5 {[%clk 1:30:49]} 3. exd5 {[%clk 1:31:41]}  Qxd5 {[%clk 1:31:10]} 4. Nf3 {[%clk 1:32:06]}  Nc6 {[%clk 1:30:53]} 5. Na3 {[%clk 1:32:25]}  Bf5 {[%clk 1:30:14]} 6. Bc4 {[%clk 1:24:19]}  Qe4+ {[%clk 1:27:16]} 7. Be2 {[%clk 1:23:56]}  e6 {[%clk 1:04:06]} 8. O-O {[%clk 1:22:34]}  Be7 {[%clk 1:03:41]} 9. Nc4 {[%clk 1:19:26]}  O-O-O {[%clk 0:51:00]} 10. d3 {[%clk 1:15:34]}  Qd5 {[%clk 0:50:31]} 11. Bf4 {[%clk 1:14:41]}  f6 {[%clk 0:45:36]} 12. Qa4 {[%clk 0:59:17]}  e5 {[%clk 0:44:07]} 13. Ne3 {[%clk 0:51:55]}  Qd7 {[%clk 0:44:03]} 14. Nxf5 {[%clk 0:52:17]}  Qxf5 {[%clk 0:41:42]} 15. Be3 {[%clk 0:52:37]}  Kb8 {[%clk 0:36:29]} 16. Qc4 {[%clk 0:45:00]}  g5 {[%clk 0:34:20]} 17. a4 {[%clk 0:42:57]}  Qd7 {[%clk 0:30:20]} 18. a5 {[%clk 0:38:54]}  Qd5 {[%clk 0:26:32]} 19. Qa4 {[%clk 0:35:44]}  Nh6 {[%clk 0:25:24]} 20. a6 {[%clk 0:34:11]}  b6 {[%clk 0:25:36]} 21. Nxg5 {[%clk 0:31:35]}  Rc8 {[%clk 0:23:18]} 22. Bf3 {[%clk 0:28:50]}  Qd7 {[%clk 0:22:04]} 23. Ne4 {[%clk 0:28:47]}  Nf7 {[%clk 0:22:15]} 24. Qb3 {[%clk 0:22:01]}  Ncd8 {[%clk 0:20:14]} 25. Ra5 {[%clk 0:17:43]}  Qe6 {[%clk 0:16:28]} 26. c4 {[%clk 0:11:14]}  Nc6 {[%clk 0:14:54]} 27. Rb5 {[%clk 0:08:30]}  Kc7 {[%clk 0:14:06]} 28. Nxc5 {[%clk 0:06:27]}  bxc5 {[%clk 0:10:34]} 29. Bd5 {[%clk 0:06:45]}  Qg4 {[%clk 0:09:50]} 30. Rb7+ {[%clk 0:07:07]}  Kd8 {[%clk 0:09:49]} 31. Qa4 {[%clk 0:04:24]}  Nd6 {[%clk 0:08:25]} 32. Bxc6 {[%clk 0:04:43]}  Nxb7 {[%clk 0:08:50]} 33. axb7 {[%clk 0:05:08]}  Rb8 {[%clk 0:09:06]} 34. Qa5# {[%clk 0:05:33]} 1-0